Southville International School and Colleges
Your cart is empty.
  • Cart
  • Lists
    Public lists Eva Luna New books Lux_list list_1
    Your lists Log in to create your own lists
  • Log in to your account
  • Your cookies
  • Search history
Southville International School and Colleges
  • Advanced search
  • Recent comments
  • Most popular
  • Libraries

Log in to your account

Log in with GOOGLE


If you do not have an external account, but do have a local account, you can still log in:

  1. Home
  2. MARC view: Creative writing :
Normal view MARC view ISBD view

Creative writing : (Record no. 292166)

[ view plain ]
MARC details
000 -LEADER
fixed length control field 00548nam a2200205Ia 4500
008 - FIXED-LENGTH DATA ELEMENTS--GENERAL INFORMATION
fixed length control field 160319s9999 xx 000 0 und d
020 ## - INTERNATIONAL STANDARD BOOK NUMBER
International Standard Book Number 9717911967
050 ## - LIBRARY OF CONGRESS CALL NUMBER
Classification number 808
050 ## - LIBRARY OF CONGRESS CALL NUMBER
Item number H555c 2000
100 ## - MAIN ENTRY--PERSONAL NAME
Personal name Hermosa, Eleanor Eme E.
245 ## - TITLE STATEMENT
Title Creative writing :
245 ## - TITLE STATEMENT
Remainder of title young Filipino writers for young Filipinos /
245 ## - TITLE STATEMENT
Statement of responsibility, etc Eleanor Eme E. Hermosa,
260 ## - PUBLICATION, DISTRIBUTION, ETC. (IMPRINT)
Place of publication, distribution, etc Mandaluyong City :
260 ## - PUBLICATION, DISTRIBUTION, ETC. (IMPRINT)
Name of publisher, distributor, etc SIBS Publishing House, Inc.
260 ## - PUBLICATION, DISTRIBUTION, ETC. (IMPRINT)
Date of publication, distribution, etc 2000
300 ## - PHYSICAL DESCRIPTION
Extent xv, 79 p. :
300 ## - PHYSICAL DESCRIPTION
Other physical details illustrations ;
300 ## - PHYSICAL DESCRIPTION
Dimensions 22 cm.
Holdings
Withdrawn status Lost status Damaged status Home library Current library Shelving location Date acquired Total Checkouts Full call number Barcode Date last seen Price effective from Koha item type
      Stonyhurst Southville International School (Batangas) Stonyhurst Southville International School (Batangas) Filipiniana Section 03/19/2016   Fil 808 H555c 2000 US 0305 03/19/2016 03/19/2016 Books

Creative writing :

APA

Hermosa E. E. E., .Creative writing. Mandaluyong City: .

Chicago

Hermosa Eleanor Eme E, .Creative writing. Mandaluyong City: .

Harvard

Hermosa E. E. E., .Creative writing. Mandaluyong City: .

MLA

Hermosa Eleanor Eme E, .Mandaluyong City: . .

  • Place hold
  • Print
  • Cite
  • Add to your cart (remove)
  • Save record
    BIBTEX Dublin Core MARCXML MARC (non-Unicode/MARC-8) MARC (Unicode/UTF-8) MARC (Unicode/UTF-8, Standard) MODS (XML) RIS
  • More searches
    Search for this title in:
    Other Libraries (WorldCat) Other Databases (Google Scholar) Online Stores (Bookfinder.com) Open Library (openlibrary.org)

Exporting to Dublin Core...

SOUTHVILLE LIBRARY

Southville International School and Colleges Library

1281 Tropical Ave. Cor. Luxembourg St., BF Homes International, Las Pinas City

Tel. No. 8256374 / 252358 Loc. 117/146

Powered by Koha